00648nam a2200205 a 450000100060000000300090000600800410001504000280005608200180008410000350010211000530013724500410019026000640023130000100029565000260030565000340033165000260036565000390039165000120043016538CO-ViMGA141112s2004 ck r 000 u spa d aCO-ViMGAbspacCO-ViMGA04a986.001 A762c1 aMuseo de artes y tradiciones,  aAsociación Colombiana de promoción artesanal10aComunidad Indígena Waunana - Choco aBogotá : bMuseo de artes y tradiciones populares, c1992 a53.p.14aARTESANIAS - COLOMBIA14aCULTURAS INDIGENAS - COLOMBIA14aINDIGENAS DE COLOMBIA14aORGANIZACION COMUNITARIA - WAUNANA14aWAUNANA